Представление документа в формате MARC21

Поле Инд. ПП Название Значение
Тип записи a
Библиографический уровень m
001 _ Контрольный номер RU\infra-m\znanium\bibl\344777
005 _ Дата корректировки 20250915104213.5
008 Кодируемые данные 230113s2012 RU g rus u
020 a ISBN 978-5-369-01032-7
020 a ISBN 978-5-16-005400-1
040 a Служба первич. каталог. Общество с ограниченной ответственностью «ЗНАНИУМ»
041 a Код языка текста rus
044 a Код страны публикации RU
080 a Индекс УДК 330.115(075.80)
084 2 Источник индекса rubbk
a Индекс другой классификации/Индекс ББК 22.11я73
084 2 Источник индекса okso
a Индекс другой классификации/Индекс ББК 00.05.06
084 2 Источник индекса okso
a Индекс другой классификации/Индекс ББК 33.02.01
084 2 Источник индекса okso
a Индекс другой классификации/Индекс ББК 00.03.06
100 1_ a Автор Ячменёв Л.Т.
245 a Заглавие Высшая математика
b Продолж. заглавия Учебник
250 a Основные сведения об издании 1
260 a Место издания Москва
b Издательство Издательский Центр РИОР
c Дата издания 2013
300 a Объем 752 с.
440 a Серия СПО
520 a Аннотация В учебнике представлена фундаментальная часть высшей математики для подготовки специалистов инженерно-технических и экономических специальностей.
521 a Примеч. о целев. назн. ВО - Бакалавриат
650 a Основная рубрика Физико-математические науки
x Основная подрубрика Основы высшей математики
852 x Примечание, не предназначенное для пользователя znanium2023
856 4_ a Имя сервера/домена znanium.com
m Помощь ebs_support@infra-m.ru
n Местонахождение сервера НИЦ ИНФРА-М
u URL https://znanium.com/catalog/document?id=133674
z Примечание для пользователя Участвует в КО
856 41 a Имя сервера/домена znanium.com
d Путь /cover/0344
f Электронное имя 344777.jpg
q Тип электронного формата image/jpeg
u URL https://znanium.com/cover/0344/344777.jpg